Nirvana - Nevermind (Tracks) - Statistics

General Stats
  • This quiz has been taken 221 times
  • The average score is 10 of 13
Answer Stats
Track Number Track Name % Correct
1 Smells Like Teen Spirit
99%
3 Come as You Are
92%
2 In Bloom
89%
5 Lithium
81%
12 Something in the Way
81%
6 Polly
78%
4 Breed
75%
7 Territorial Pissings
75%
8 Drain You
71%
13 Endless, Nameless
67%
11 On a Plain
65%
9 Lounge Act
61%
10 Stay Away
56%
No matching quizzes found
Score Distribution
Percent of People with Each Score
Percentile by Number Answered
Your Score History
You have not taken this quiz